The human nature of organization
Na minha lista:
| Autor principal: | |
|---|---|
| Formato: | Livro |
| Idioma: | Undetermined |
| Publicado em: |
U.S.A.
Amacom
1973
|
| Assuntos: | |
| Tags: |
Adicionar Tag
Sem tags, seja o primeiro a adicionar uma tag!
|
| Thư viện lưu trữ: | Trung tâm Học liệu Trường Đại học Cần Thơ |
|---|
| LEADER | 00509nam a2200181Ia 4500 | ||
|---|---|---|---|
| 001 | CTU_89489 | ||
| 008 | 210402s9999 xx 000 0 und d | ||
| 082 | |a 301.15 | ||
| 082 | |b B877 | ||
| 100 | |a Brown, J. Douglas | ||
| 245 | 4 | |a The human nature of organization | |
| 245 | 0 | |c J. Douglas Brown | |
| 260 | |a U.S.A. | ||
| 260 | |b Amacom | ||
| 260 | |c 1973 | ||
| 650 | |a Leadership,Organizational sociology,Personnel management | ||
| 904 | |i Mai Loan | ||
| 980 | |a Trung tâm Học liệu Trường Đại học Cần Thơ | ||